000 00820nam a2200265 a 4500
001 000014527
005 20200929163850.0
008 100113s1985 sp 000 f spa d
020 _a8437603641
040 _aDO-SdBNP
_bspa
_cBNPHU
082 _a863.64
_bM364s, 1985
100 1 _aMarsé, Juan,
_d1933-
_921688
245 1 0 _aSi te dicen que caí /
_cJuan Marsé ; edición de Willian M. Sherzer ; prólogo de Dionisio Ridruejo.
250 _a2a ed.
260 _aMadrid :
_bCátedra,
_c1985.
300 _a368 p.
490 1 _aLetras hispánicas;
_v167
650 4 _aNovela española
_91123
650 4 _aLiteratura española
_9632
700 1 _aSherzer, Willian M.,
_eed.
_932869
700 1 _aRidruejo, Dionisio,
_epról.
_932870
830 0 _aLetras hispánicas ;
_v167
_94208
910 _aWM
049 _aBNGR
999 _c14115
_d14115